000 00596nam a22002057a 4500
003 DO-SdBNP
005 20171205090229.0
008 171121b 1979|| |||| 00| 0 spa d
020 _a843292914X
040 _aBPMSU
_bspa
_cBPMSU
082 _axxxxxxx
_bxxxxxxx
100 1 _aZurita Ruíz, José
245 1 _aTopografía práctica para el construtor /
_cJosé Zurita Ruíz
250 _a18a ed.
260 _aBarcelona :
_bEdiciones CEAC,
_c1979.
300 _a184 p. :
_bil. ;
_c22 cm.
942 _2ddc
_cBK
945 _aInventariado extranjero / 2017 VM
956 _aBTAVAREZ
_b10
_c20171121
_d0038
999 _c12998
_d12998